Central Library OPAC University of Rajshahi

Introduction to exceptional children / (Record no. 29834)

MARC details
000 -LEADER
fixed length control field 00856cam a22002891 4500
001 - CONTROL NUMBER
control field 29834
003 - CONTROL NUMBER IDENTIFIER
rucl marc code BD-RjUL
005 - DATE AND TIME OF LATEST TRANSACTION
control field 20211209051453.0
008 - FIXED-LENGTH DATA ELEMENTS--GENERAL INFORMATION
fixed length control field 140407r19501944nyu 001 0 eng
035 ## - SYSTEM CONTROL NUMBER
System control number (BD-RjUL)29919
System control number (OCoLC)784014
040 ## - CATALOGING SOURCE
Original cataloging agency DLC
Transcribing agency OClU
Modifying agency BD-RjUL
Language of cataloging eng
041 ## - LANGUAGE CODE
Language code of text/sound track or separate title eng
082 00 - DEWEY DECIMAL CLASSIFICATION NUMBER
Classification number 136.76
Author mark and year BAI 1950
100 1# - MAIN ENTRY--PERSONAL NAME
Personal name Baker, Harry J.
Fuller form of name (Harry Jay),
Dates associated with a name 1889-
9 (RLIN) 90792
245 10 - TITLE STATEMENT
Title Introduction to exceptional children /
Statement of responsibility, etc. Harry J. Baker.
260 ## - PUBLICATION, DISTRIBUTION, ETC. (IMPRINT)
Place of publication, distribution, etc. New York :
Name of publisher, distributor, etc. Macmillan,
Date of publication, distribution, etc. c1944 [Reprinted 1950].
300 ## - PHYSICAL DESCRIPTION
Pagination xiv, 496 p. :
Illustrations ill. ;
Size 22 cm.
504 ## - BIBLIOGRAPHY, ETC. NOTE
Bibliography, etc Includes bibliographies and index.
650 #0 - SUBJECT ADDED ENTRY--TOPICAL TERM
Topical term or geographic name as entry element Gifted children.
9 (RLIN) 45563
Topical term or geographic name as entry element Education.
9 (RLIN) 90793
Topical term or geographic name as entry element Child development.
9 (RLIN) 90794
942 ## - ADDED ENTRY ELEMENTS (KOHA)
Source of classification or shelving scheme Dewey Decimal Classification
Koha item type Books
Holdings
Lost status Source of classification or shelving scheme Damaged status Not for loan Collection code Permanent Location Current Location Shelving location Date acquired Source of acquisition Total Checkouts Full call number Date last seen Copy number Koha item type
  Dewey Decimal Classification     Non-fiction Central Library, University of Rajshahi Central Library, University of Rajshahi   30/06/1961 Asia Foundation   136.76 BAI 1950 07/04/2014 C-3 Books